000 00581nam a2200217Ia 4500
003 OSt
005 20220923230929.0
006 a|||||r|||| 00| 0
007 ta
008 Pun
024 _a306,555
037 _cTextual
040 _aARTS
_cARTS
_bPun
041 _2Pun
_aPun
082 _aO153,6N363x, L5
100 _aਕਾਂਗ, ਕੁਲਬੀਰ
_9156291
245 0 _aਨਦੀ ਕਿਨਾਰੇ ਪਿਆਸਾ ਮਨੁੱਖ
260 _c1976
942 _hO153,6N363x, L5
_cTEXL
_2CC
999 _c388327
_d388327